| 000 | 02116cam a22003854i 4500 | ||
|---|---|---|---|
| 003 | PE-LiUPU | ||
| 005 | 20250731184108.0 | ||
| 008 | 150616s r 000 0 d | ||
| 035 | _a(Sirsi) a358 | ||
| 040 |
_aPE-LiUPU _bspa _cPE-LiUPU _erda |
||
| 049 | _aPRUA | ||
| 082 | 0 | 4 |
_a869.560187 _bZ3D _221 |
| 100 | 1 |
_aDíaz Suárez, Lacery, _eautor. |
|
| 245 | 1 | 0 |
_aAntología poética a mamá / _cLarcery Díaz Suárez. |
| 264 | 1 |
_aLima : _bEditorial Trujillo, _c1989. |
|
| 300 |
_a114 páginas ; _c20 cm |
||
| 336 |
_atext _2rdacontent |
||
| 337 |
_aunmediated _2rdamedia |
||
| 338 |
_avolume _2rdacarrier |
||
| 505 | 0 | _aLas manos de María -- Mi madre (fragmento) -- Ofrenda -- Si no fuera por la madre -- Madre -- He visto pasar esta tarde -- En un charco de injusticias -- Cuando la madre muere -- Tierra mía -- Por la paz y la felicidad de todos -- Bujía -- Símbolo -- Madre ausente -- Mi súplica -- Madre -- En la voz de mi madre -- Conciencia -- De la vida triste -- En el paisaje de tu nombre -- Variaciones sobre una frase de Vallejo -- Amor sin tiempo -- Solíanme entretener la confianza -- Madre, admiro tu retrato -- Tengo derecho al reclamo -- La vid del recuerdo -- Publo poema madre -- Romance del renegado -- La vigilia oradante -- De viaje -- Retorno -- Ella sólo es..madre -- Preguntas de mamá -- Mdre -- Con niños (fragmento) -- Descansa en paz -- Madre -- No importa -- Madre maravilloso mundo -- Mujer. | |
| 526 | _aP145 | ||
| 526 | _aP127 | ||
| 526 | _aP97 | ||
| 526 | _aP14 | ||
| 526 | _aP07 | ||
| 650 | 1 | 4 |
_aPoesías peruanas _ySiglo XX. _9872 |
| 650 | 2 | 4 | _aMadres en la literatura. |
| 910 |
_ajck _bjvq _cjck |
||
| 942 |
_2ddc _cBOOK |
||
| 949 |
_a869.560187 Z3D _wDEWEY _c1 _i32654 _lCCODEBUL1 _mBUL _p00.00 _r0 _sY _tBOOK _u2015-04-23 _xEDUCACION _PP20 _0COMPRA _o.STAFF. Colección General |
||
| 994 |
_aC0 _bPEPRU |
||
| 596 | _a1 | ||
| 999 |
_a869.560187 Z3D _wDEWEY _c43803 _i32654 _f2021-11-9 _g5 _lCCODEBUL1 _mBUL _r0 _sY _tBOOK _u2015-4-23 _xEDUCACION _PP20 _0COMPRA _o.STAFF. Colección General _d43803 |
||
| 980 |
_81 _gALBERTO SANCHEZ Responsable de Automatización |
||